000 00640cam a2200181 4500
001 ##L134895
008 060908n2004 000 0 eng u
035 _a(Sirsi) u134895
041 0 _aeng
050 0 4 _a333.332 $2 18
110 2 _aRoyal Institution of Chartered Surveyors
_94900
245 0 0 _aValuation of residential property for mortgage purposes
_bmodel report form
260 _aLondon
_bRICS
_c2004
300 _a[4]p.
_c31cm.
520 _aA model report form for a valuation of residential property for mortgage purposes.
690 _aPROPERTY-RESIDENTIAL PROPERTY-RESIDENTIAL PROPERTY APPRAISAL AND VALUATION
942 _n0
999 _c105838
_d105838